[Event "Barcelona Sant Marti op-A 17th"]
[Site "Barcelona"]
[Date "2015.07.15"]
[Round "3"]
[White "Boixader Arbo, Xavier"]
[Black "Garnier, Teddy"]
[Result "0-1"]
[WhiteElo "1755"]
[BlackElo "2055"]
[PlyCount "56"]
[EventDate "2015.07.13"]
[EventType "swiss"]
[EventRounds "9"]
[EventCountry "ESP"]
[SourceTitle "CBM 167 Extra"]
[Source "ChessBase"]
[SourceDate "2015.09.14"]
[SourceVersion "1"]
[SourceVersionDate "2015.09.14"]
[SourceQuality "1"]

1. e4 c6 2. d4 d5 3. Nc3 dxe4 4. Nxe4 Bf5 5. Ng3 Bg6 6. h4 h6 7. Nh3 e6 8. Nf4 Bh7 9. Bc4 Nf6 10. 0-0 Bd6 11. Ngh5 Nxh5 12. Qxh5 Bxf4 13. Bxf4 Qxd4 14. Bxe6 Qxf4 15. Bxf7+ Qxf7 16. Rfe1+ Kf8 17. Qc5+ Kg8 18. Re7 Nd7 19. Qd6 Qf6 20. Qxd7 Rf8 21. f3 Bxc2 22. Rae1 Bf5 23. Qxb7 h5 24. Qxa7 Rh6 25. Qf2 Rg6 26. Kh2 Kh7 27. Ra7 Be6 28. Rc1 Qf4+ 0-1

[Event "FRA-ch op-A"]
[Site "Nancy"]
[Date "2013.08.23"]
[Round "11"]
[White "Garnier, Teddy"]
[Black "Amoyal, Pierre"]
[Result "1/2-1/2"]
[WhiteElo "2051"]
[BlackElo "2143"]
[PlyCount "105"]
[EventDate "2013.08.11"]
[EventType "swiss"]
[EventRounds "11"]
[EventCountry "FRA"]
[SourceTitle "CBM 156 Extra"]
[Source "ChessBase"]
[SourceDate "2013.10.22"]
[SourceVersion "1"]
[SourceVersionDate "2013.10.22"]
[SourceQuality "1"]

1. e4 c5 2. c3 d5 3. exd5 Qxd5 4. d4 g6 5. Nf3 Bg7 6. Na3 cxd4 7. Bc4 Qe4+ 8. Be3 Nh6 9. cxd4 0-0 10. 0-0 Bg4 11. Bxh6 Bxh6 12. Re1 Bxf3 13. Rxe4 Bxd1 14. Rxd1 Bg5 15. Re5 Bf6 16. Rb5 Nc6 17. d5 Nd8 18. f4 b6 19. d6 Nb7 20. dxe7 Bxe7 21. Rd7 Bc5+ 22. Kf1 a6 23. Rb3 Na5 24. Rc3 Rad8 25. Rxd8 Rxd8 26. Bxa6 Rd1+ 27. Ke2 Ra1 28. Nc4 Rxa2 29. Nxa5 Rxa5 30. Bc4 Bd4 31. Rc2 Rc5 32. Kd3 Bg1 33. h3 Kg7 34. b4 Rc7 35. Rc3 Re7 36. Bb5 h5 37. Bc6 h4 38. b5 f5 39. Rc1 Bh2 40. Rc4 Bg1 41. Rc1 Bf2 42. Rc4 Kf6 43. Ra4 Bc5 44. Ra8 Re3+ 45. Kc2 Ra3 46. Rxa3 Bxa3 47. Kd3 Bc1 48. Ke2 Bxf4 49. Kf3 Be5 50. Bd7 Ke7 51. Bc6 g5 52. Bd5 Kd6 53. Bc6 1/2-1/2

[Event "FRA-ch op-A"]
[Site "Nancy"]
[Date "2013.08.13"]
[Round "2"]
[White "Naudier, Serge"]
[Black "Garnier, Teddy"]
[Result "0-1"]
[WhiteElo "2194"]
[BlackElo "2051"]
[PlyCount "94"]
[EventDate "2013.08.11"]
[EventType "swiss"]
[EventRounds "11"]
[EventCountry "FRA"]
[SourceTitle "CBM 156 Extra"]
[Source "ChessBase"]
[SourceDate "2013.10.22"]
[SourceVersion "1"]
[SourceVersionDate "2013.10.22"]
[SourceQuality "1"]

1. e4 Nf6 2. Nc3 d5 3. e5 Nfd7 4. f4 c5 5. Nf3 Nc6 6. d4 cxd4 7. Nxd4 Nxd4 8. Qxd4 e6 9. Bb5 a6 10. Bxd7+ Bxd7 11. 0-0 Rc8 12. Be3 Bc5 13. Qd2 Qb6 14. Bxc5 Rxc5 15. Qf2 0-0 16. f5 Rc6 17. f6 g6 18. Nd1 Qxf2+ 19. Rxf2 Rc4 20. Re2 Rfc8 21. c3 b5 22. a3 g5 23. Nf2 h6 24. Rd1 Kh7 25. Ne4 Rxe4 26. Rxe4 dxe4 27. Rxd7 Kg6 28. g4 Rc5 29. Ra7 Rxe5 30. Rxa6 e3 31. Kf1 e2+ 32. Ke1 Kxf6 33. a4 bxa4 34. Rxa4 Kg6 35. Ra6 Re4 36. h3 Re3 37. Rb6 Kf6 38. c4 Ke5 39. c5 f5 40. c6 Kd6 41. gxf5 exf5 42. c7+ Kxc7 43. Rxh6 f4 44. b4 f3 45. Rf6 Rd3 46. Kf2 Rd1 47. Re6 Rf1+ 0-1

[Event "Avoine op 28th"]
[Site "Avoine"]
[Date "2013.07.21"]
[Round "2"]
[White "Gerard, Nicolas"]
[Black "Garnier, Teddy"]
[Result "1/2-1/2"]
[WhiteElo "2272"]
[BlackElo "2069"]
[PlyCount "147"]
[EventDate "2013.07.20"]
[EventType "swiss"]
[EventRounds "9"]
[EventCountry "FRA"]
[SourceTitle "CBM 155 Extra"]
[Source "ChessBase"]
[SourceDate "2013.08.26"]
[SourceVersion "1"]
[SourceVersionDate "2013.08.26"]
[SourceQuality "1"]

1. d4 Nf6 2. c4 e6 3. Nc3 Bb4 4. Qc2 0-0 5. a3 Bxc3+ 6. Qxc3 b6 7. Bg5 Bb7 8. f3 d6 9. e4 c5 10. d5 Re8 11. Bxf6 Qxf6 12. Qxf6 gxf6 13. 0-0-0 Rd8 14. Ne2 Kf8 15. g3 Ke7 16. Nc3 Na6 17. f4 Nc7 18. Be2 Rab8 19. Rd2 a6 20. a4 Bc8 21. Rhd1 exd5 22. exd5 f5 23. Bd3 Bd7 24. Re2+ Kf6 25. g4 Re8 26. g5+ Kg6 27. h4 h5 28. gxh6 Rxe2 29. Bxe2 Rh8 30. Rg1+ Kf6 31. h5 a5 32. Kd2 Ne8 33. b3 Rxh6 34. Rg8 Ke7 35. Ke3 f6 36. Rg3 Kf8 37. Nd1 Ng7 38. Rh3 Be8 39. Nc3 Bd7 40. Kd2 Be8 41. Bf3 Bd7 42. Ne2 Be8 43. Ng3 Bd7 44. Rh1 Kf7 45. Be2 Kf8 46. Bd3 Kf7 47. Bf1 Kf8 48. Bg2 Be8 49. Bf3 Kf7 50. Nf1 Kf8 51. Ne3 Bd7 52. Rg1 Kf7 53. Rh1 Kf8 54. Be2 Kf7 55. Nd1 Ne8 56. Nc3 Nc7 57. Bf3 Be8 58. Be2 Bd7 59. Bd3 Kf8 60. Be2 Be8 61. Ra1 Kg7 62. Re1 Kf8 63. Bf3 Rh7 64. Rh1 Rh6 65. Rh2 Bf7 66. Nb5 Nxb5 67. cxb5 Kg7 68. Re2 Kf8 69. Re1 Rh7 70. Kc2 Bg8 71. Kc3 Bf7 72. Kb2 Bg8 73. Kc3 Rg7 74. Re3 1/2-1/2

[Event "Creon op 17th"]
[Site "Creon"]
[Date "2012.08.01"]
[Round "4"]
[White "Garnier, Teddy"]
[Black "Riff, Jean Noel"]
[Result "0-1"]
[WhiteElo "2055"]
[BlackElo "2500"]
[PlyCount "76"]
[EventDate "2012.07.30"]
[EventType "swiss"]
[EventRounds "9"]
[EventCountry "FRA"]
[SourceTitle "CBM 149 Extra"]
[Source "ChessBase"]
[SourceDate "2012.08.24"]
[SourceVersion "1"]
[SourceVersionDate "2012.08.24"]
[SourceQuality "1"]

1. e4 e6 2. d4 d5 3. Nd2 Be7 4. Ngf3 Nf6 5. e5 Nfd7 6. Bd3 c5 7. c3 Nc6 8. 0-0 g5 9. dxc5 g4 10. Nd4 Ndxe5 11. Bb5 Bd7 12. b4 h5 13. f4 Nxd4 14. Bxd7+ Qxd7 15. cxd4 Nc6 16. a3 a5 17. Bb2 axb4 18. axb4 Rxa1 19. Qxa1 Nxb4 20. Qa8+ Bd8 21. Bc3 Nc2 22. Rb1 0-0 23. Rxb7 Qc6 24. Rb8 Qxa8 25. Rxa8 Bc7 26. Rxf8+ Kxf8 27. g3 Ke8 28. Kf2 Na3 29. Ke3 Kd7 30. Kd3 Kc6 31. Bb4 Nb5 32. Nb1 h4 33. Bd2 h3 34. Nc3 Nxc3 35. Kxc3 f6 36. Kb4 e5 37. dxe5 fxe5 38. f5 Bd8 0-1

[Event "Condom op-A 10th"]
[Site "Condom"]
[Date "2011.07.09"]
[Round "1"]
[White "Garnier, Teddy"]
[Black "Geirnaert, Steven"]
[Result "0-1"]
[WhiteElo "1932"]
[BlackElo "2347"]
[PlyCount "48"]
[EventDate "2011.07.09"]
[EventType "swiss"]
[EventRounds "9"]
[EventCountry "FRA"]
[SourceTitle "CBM 143 Extra"]
[Source "ChessBase"]
[SourceDate "2011.08.29"]
[SourceVersion "1"]
[SourceVersionDate "2011.08.29"]
[SourceQuality "1"]

1. e4 d5 2. exd5 Qxd5 3. Nc3 Qa5 4. Bc4 Nf6 5. d3 c6 6. Bd2 Qb6 7. Bb3 Bf5 8. h3 h5 9. Nf3 Nbd7 10. Qe2 e6 11. Be3 Qa5 12. Nd4 Bb4 13. 0-0 0-0-0 14. Qf3 Bg4 15. hxg4 hxg4 16. Qg3 Qh5 17. f3 gxf3 18. Bxe6 fxe6 19. Nxe6 f2+ 20. Kxf2 Qf5+ 21. Nf4 Bxc3 22. bxc3 g5 23. Ke2 gxf4 24. Rxf4 Nh5 0-1

[Event "FRA-chT1 1011"]
[Site "France"]
[Date "2010.10.17"]
[Round "1.5"]
[White "Le Hetet, Nicolas"]
[Black "Garnier, Teddy"]
[Result "1/2-1/2"]
[WhiteElo "2109"]
[BlackElo "1938"]
[PlyCount "85"]
[EventDate "2010.10.17"]
[EventType "team-tourn"]
[EventRounds "11"]
[EventCountry "FRA"]
[SourceTitle "EXT 2012"]
[Source "ChessBase"]
[SourceDate "2011.11.24"]
[SourceVersion "1"]
[SourceVersionDate "2011.11.24"]
[SourceQuality "1"]

1. e4 c6 2. d4 d5 3. e5 Bf5 4. h4 h6 5. g4 Bd7 6. Nh3 e6 7. Nf4 c5 8. dxc5 Bxc5 9. Nd2 Nc6 10. Nf3 a6 11. c3 Qc7 12. Nd3 Ba7 13. Bg2 Nge7 14. h5 Na5 15. 0-0 Bb5 16. Re1 Qc4 17. Nf4 Qc7 18. Nd4 Bd7 19. Nd3 Nec6 20. Nxc6 Nxc6 21. Bf4 Rc8 22. Bxd5 Ne7 23. Bf3 Bb5 24. Qc2 0-0 25. Rac1 Qc4 26. Be3 Bb8 27. Red1 Qc7 28. Bd4 Rfd8 29. Nc5 Bc6 30. Ne4 Bxe4 31. Qxe4 Nc6 32. Qe3 Nxd4 33. cxd4 Qb6 34. Rxc8 Rxc8 35. Rc1 Rd8 36. b3 Ba7 37. Rc4 Qa5 38. Ra4 Qb6 39. Qc3 Rxd4 40. Rxd4 Qxd4 41. Qc8+ Kh7 42. Qc2+ Kg8 43. Qc8+ 1/2-1/2

[Event "FRA-ch op-B"]
[Site "Nimes"]
[Date "2009.08.16"]
[Round "6"]
[White "Garnier, Teddy"]
[Black "Banuls, Adrien"]
[Result "1-0"]
[WhiteElo "1825"]
[BlackElo "1912"]
[PlyCount "39"]
[EventDate "2009.08.11"]
[EventType "swiss"]
[EventRounds "11"]
[EventCountry "FRA"]
[SourceTitle "EXT 2011"]
[Source "ChessBase"]
[SourceDate "2010.11.26"]
[SourceVersion "1"]
[SourceVersionDate "2010.11.26"]
[SourceQuality "1"]

1. e4 c5 2. c3 Nf6 3. e5 Nd5 4. d4 cxd4 5. cxd4 e6 6. Nc3 Nxc3 7. bxc3 d6 8. f4 Qc7 9. Bd2 Be7 10. Bd3 g6 11. Nf3 Nc6 12. 0-0 0-0 13. Qe1 Rd8 14. Qg3 Bd7 15. Rae1 Re8 16. Ng5 Bxg5 17. Qxg5 Ne7 18. f5 Nxf5 19. Bxf5 exf5 20. Qf6 1-0

[Event "FRA-ch Juniors op"]
[Site "Aix les Bains"]
[Date "2009.04.21"]
[Round "4"]
[White "Garnier, Teddy"]
[Black "Hug, Timothee"]
[Result "1-0"]
[WhiteElo "1785"]
[BlackElo "1621"]
[PlyCount "105"]
[EventDate "2009.04.19"]
[EventType "swiss"]
[EventRounds "9"]
[EventCountry "FRA"]
[SourceTitle "CBM 130 Extra"]
[Source "ChessBase"]
[SourceDate "2009.07.02"]
[SourceVersion "2"]
[SourceVersionDate "2009.07.15"]
[SourceQuality "1"]

1. e4 c5 2. Nc3 d6 3. g3 Nc6 4. Bg2 g6 5. d3 Bg7 6. Be3 Nf6 7. h3 Qb6 8. Rb1 a5 9. f4 Be6 10. Nf3 Nd4 11. 0-0 Nxf3+ 12. Qxf3 0-0 13. g4 Qc7 14. Qg3 Bd7 15. Bf3 e6 16. f5 e5 17. g5 Ne8 18. Nd5 Qd8 19. f6 Nxf6 20. gxf6 Bxf6 21. Bh6 Bg7 22. Bxg7 Kxg7 23. Bg4 Bxg4 24. hxg4 Qg5 25. Nf6 h5 26. Rbe1 hxg4 27. Qxg4 Qxg4+ 28. Nxg4 f6 29. Kg2 b5 30. Ne3 a4 31. Rf3 Rac8 32. b3 axb3 33. axb3 Kf7 34. Rh1 Kg7 35. Rfh3 Rh8 36. Rxh8 Rxh8 37. Rxh8 Kxh8 38. Nd5 Kg8 39. Nxf6+ Kf7 40. Nd5 b4 41. Kg3 Ke6 42. Kg4 Kd7 43. Kg5 Kc6 44. Kxg6 c4 45. bxc4 Kc5 46. Kf5 Kd4 47. Ke6 b3 48. cxb3 Kxd3 49. Kxd6 Kxe4 50. c5 Kd4 51. c6 e4 52. c7 e3 53. Nxe3 1-0

[Event "FRA-ch Juniors op"]
[Site "Aix les Bains"]
[Date "2009.04.20"]
[Round "2"]
[White "Garnier, Teddy"]
[Black "Suescun, Baptiste"]
[Result "1-0"]
[WhiteElo "1785"]
[BlackElo "1530"]
[PlyCount "53"]
[EventDate "2009.04.19"]
[EventType "swiss"]
[EventRounds "9"]
[EventCountry "FRA"]
[SourceTitle "CBM 130 Extra"]
[Source "ChessBase"]
[SourceDate "2009.07.02"]
[SourceVersion "2"]
[SourceVersionDate "2009.07.15"]
[SourceQuality "1"]

1. e4 e6 2. d4 d5 3. Nd2 Nf6 4. e5 Nfd7 5. Ngf3 c5 6. c3 Nc6 7. Bd3 Qb6 8. 0-0 cxd4 9. cxd4 Nxd4 10. Nxd4 Qxd4 11. Nf3 Qb6 12. Qa4 Be7 13. Be3 Qd8 14. Qg4 g6 15. Rac1 h5 16. Qg3 Rg8 17. h4 Bxh4 18. Nxh4 Nxe5 19. Qxe5 Qxh4 20. Bg5 Qg4 21. Qf6 Kf8 22. Bh6+ Ke8 23. Bb5+ Bd7 24. Rc7 Rd8 25. Bxd7+ Rxd7 26. Rc8+ Rd8 27. Rxd8# 1-0

[Event "FRA-chT U20"]
[Site "Mulhouse"]
[Date "2005.12.20"]
[Round "7"]
[White "Viville, Simon"]
[Black "Garnier, Teddy"]
[Result "1-0"]
[WhiteElo "1740"]
[BlackElo "1580"]
[PlyCount "129"]
[EventDate "2005.12.??"]
[EventType "team"]
[EventRounds "11"]
[EventCountry "FRA"]
[SourceTitle "EXT 2007"]
[Source "ChessBase"]
[SourceDate "2006.11.23"]
[SourceVersion "1"]
[SourceVersionDate "2006.11.23"]
[SourceQuality "1"]
[WhiteTeam "Bischwiller"]
[BlackTeam "Niort"]
[WhiteTeamCountry "FRA"]
[BlackTeamCountry "FRA"]

1. e4 c5 2. Ne2 d6 3. Nbc3 Nf6 4. g3 g6 5. Bg2 Bg7 6. h3 Nc6 7. 0-0 0-0 8. f4 e6 9. d3 d5 10. e5 Nd7 11. Qe1 b6 12. g4 Bb7 13. h4 Nb4 14. Qg3 Nxc2 15. Rb1 Nb4 16. a3 Na6 17. h5 Nc7 18. hxg6 fxg6 19. g5 Bh8 20. Qh4 Ba6 21. Rf3 Bxe5 22. Rh3 Qe7 23. fxe5 Nxe5 24. d4 Nd7 25. Nf4 Qf7 26. dxc5 bxc5 27. Ncxd5 exd5 28. Nxd5 Ne6 29. Nf6+ Nxf6 30. Bxa8 Nh5 31. Rf3 Qe8 32. Rxf8+ Qxf8 33. Qe1 Nxg5 34. Bxg5 Qxa8 35. Qe6+ Kh8 36. Bf6+ Nxf6 37. Qxf6+ Kg8 38. Qxa6 Qe4 39. Qc8+ Kg7 40. Qd7+ Kh6 41. Qh3+ Kg7 42. Rf1 Qd4+ 43. Rf2 Qd1+ 44. Kh2 h5 45. Qc3+ Qd4 46. Qxd4+ cxd4 47. Rf4 g5 48. Rxd4 Kf6 49. Ra4 h4 50. Rxa7 g4 51. Ra5 Ke6 52. b4 Kd6 53. Rc5 g3+ 54. Kh3 g2 55. Kxg2 h3+ 56. Kxh3 Kd7 57. Kg4 Ke6 58. a4 Kd7 59. a5 Kd6 60. a6 Ke7 61. a7 Kd7 62. a8Q Kd6 63. Qa6+ Kd7 64. Qb7+ Kd8 65. Rc8# 1-0